Score 0/20 Timer 03:00
0 Plays Today
Film Missing Word % Correct
_____ Weddings and a FuneralFour
95.4%
The _____ GamesHunger
94.4%
_____ Age: The MeltdownIce
94.1%
The _____ for Red OctoberHunt
93.1%
How to Train Your _____Dragon
91%
The _____ LebowskiBig
90.5%
_____ BrockovichErin
90.3%
_____ Hears a Who!Horton
88.8%
My _____ VinnyCousin
87.8%
V for _____Vendetta
86.6%
Film Missing Word % Correct
Coal _____ DaughterMiner's
86%
D2: The _____ DucksMighty
84.1%
Oz the _____ and PowerfulGreat
82.4%
Eternal _____ of the Spotless MindSunshine
72.6%
Race to _____ MountainWitch
70.6%
Joe Versus the _____Volcano
69%
Biloxi _____Blues
57.4%
Wrath of the _____Titans
55.3%
_____ Has FallenOlympus
50.2%
Black Snake _____Moan
32.9%

Today's Daily Dose

Missing Word
I Hardly Know Her!

Word Ladder
Sentence Ending

Quick Pick
Female Firsts

Get the Picture
Triathlon Sports

Remove Ads.
Support Sporcle.
Get the best of Sporcle when you Go Orange. This ad-free experience offers more features, more stats, and more fun while also helping to support Sporcle. Thank you for becoming a member.

You're not logged in!

Compare scores with friends on all Sporcle quizzes.
OR
Log In

Show Comments

Extras

Top Quizzes Today


Score Distribution

Your Account Isn't Verified!

In order to create a playlist on Sporcle, you need to verify the email address you used during registration. Go to your Sporcle Settings to finish the process.

Report this User

Report this user for behavior that violates our Community Guidelines.

Details: